American Countries by Desserts - Statistics

General Stats
  • This quiz has been taken 10 times
  • The average score is 6 of 16
Answer Stats
Picture Answer % Correct
United States
89%
Argentina
67%
Brazil
56%
Canada
56%
Mexico
56%
Colombia/Venezuela
44%
Peru
44%
Chile
33%
Costa Rica
33%
Cuba
33%
Haiti
22%
Jamaica
22%
Nicaragua
22%
Suriname
22%
Uruguay
22%
Guyana
11%
No matching quizzes found
Score Distribution
Percent of People with Each Score
Percentile by Number Answered
Your Score History
You have not taken this quiz